Object Oriented Analysis And Design (Record no. 208471)
[ view plain ]
| 000 -LEADER | |
|---|---|
| fixed length control field | 00442nam a2200145Ia 4500 |
| 008 - FIXED-LENGTH DATA ELEMENTS--GENERAL INFORMATION | |
| fixed length control field | 230714s9999 xx 000 0 und d |
| 041 ## - LANGUAGE CODE | |
| Language code of text/sound track or separate title | eng |
| 082 ## - DEWEY DECIMAL CLASSIFICATION NUMBER | |
| Classification number | 005.117 |
| Item number | O'D |
| 100 ## - MAIN ENTRY--PERSONAL NAME | |
| Personal name | O'Docherty M. |
| 245 ## - TITLE STATEMENT | |
| Title | Object Oriented Analysis And Design |
| Remainder of title | Understanding System Development With Uml 2.0. |
| 260 ## - PUBLICATION, DISTRIBUTION, ETC. (IMPRINT) | |
| Name of publisher, distributor, etc. | John Wiley |
| 365 ## - TRADE PRICE | |
| Currency code | Rs. |
| Price amount | 369.00 |
| 700 ## - ADDED ENTRY--PERSONAL NAME | |
| Personal name | O'Docherty M. |
| 906 ## - LOCAL DATA ELEMENT F, LDF (RLIN) | |
| d | O:0345907-Aug-2013B:IN 79101-Aug-2013 |
| c | COMP |
| b | 922.5 |
No items available.